000 00342nam a22001577a 4500
020 _a81-8524056-6
041 _aENG
100 _aGupta .C.P
245 _aEngineering Heat Transfer
250 _aSixth ED
260 _aRoorkke (u.p )
_bNem Chand & Bros .
_c1994
300 _a668
650 _aAPE
700 _aPrakash. R
856 _uAPE
999 _c406
_d406